000 00540nam a2200193Ia 4500
999 _c15030
_d15030
003 OSt
005 20201112114000.0
008 190216s9999||||xx |||||||||||||| ||und||
020 _a978-8175541764
040 _coclc
082 _a421
_bBAR/I
100 _a Barker, Alan
_96523
245 0 _aImprove Your Communication Skills /
_cAlan Barker
250 _a2nd Ed.
260 _bKogan Paper India Lilited,
_c2002.
_aNew delhi:
300 _a147p
650 _aEnglish
942 _cBK
_2ddc
_h421
_iBAR/I
_k421
_mBAR/I